Remontées mécaniques Les Rousses ( Jura ) - Statistiques

Statistiques générales
  • Ce quiz a été pris 6 fois
  • Le résultat moyen est 14 sur 23
Statistiques - réponses
Type de quiz Lieu Nom % Correct
TSD Dôle/Tuffes Dappes/dole
100%
TS Dôle/Tuffes Dappes/tuffes
100%
TK Dôle/Tuffes Darbella
100%
TLC Dôle/Tuffes Dole/tuffes
100%
TK Dôle/Tuffes Jouvencelles
100%
TS La Serra Serra
100%
TK La Serra Serra
100%
TK Dôle/Tuffes Tuffes
100%
TS Dôle/Tuffes Balancier
83%
TK Dôle/Tuffes Baby jouvencelles
67%
TK Dôle/Tuffes Cuvaloup
67%
TSD Dôle/Tuffes Jouvenceaux
67%
TK Dôle/Tuffes Tabagnoz
67%
TK Dôle/Tuffes Baby balancier
50%
TK Dôle/Tuffes Baby cuvaloup
50%
TK Dôle/Tuffes Baby jouvenceaux
33%
TK Dôle/Tuffes Leseneys
33%
TK Dôle/Tuffes Valdappes
33%
TK Dôle/Tuffes Baby beauregard
17%
TK La Serra Baby dahut
17%
TK Dôle/Tuffes Baby reculet
17%
TLC La Serra Marmots
17%
TK Dôle/Tuffes Baby neiges
0%
Aucun quiz correspondant
Distribution des résultats
% des personnes avec chaque résultat
Percentile par nombre de réponses
Votre historique - résultats
Vous n’avez pas pris ce quiz